[Event "anyone for tennis (I mean chess of course)"]
[Site "SchemingMind.com"]
[Date "2014.01.08"]
[Round "-"]
[White "Sahajaxx"]
[Black "mmccaffe"]
[Result "1-0"]
[WhiteCountry "ENG"]
[BlackCountry "USA"]
[WhiteElo "1989"]
[WhiteRD "92"]
[BlackElo "1637"]
[BlackRD "79"]
[GameID "345167"]

1. d4 Nf6 2. c4 e6 3. Nc3 Bb4 4. Qc2 d5 5. a3 Bxc3+ 6. bxc3 c5 7. e3 O-O 8. dxc5 Nc6 9. cxd5 Nxd5 10. Bd3 g6
11. e4 Nf6 12. f3 Qa5 13. Be3 Nd7 14. a4 Nxc5 15. Bb5 Nd7 16. Nh3 a6 17. Bxc6 bxc6 18. O-O e5 19. Rfb1 Nc5 20. Nf2 Be6
21. Rb4 f5 22. Nd3 Nxd3 23. Qxd3 Qc7 24. Rab1 Rfb8 25. Bb6 Qf7 26. Qd6 fxe4 27. Qxe5 Rxb6 28. Rxb6 exf3 29. Rb8+
1-0

[Event "anyone for tennis (I mean chess of course)"]
[Site "SchemingMind.com"]
[Date "2014.01.13"]
[Round "-"]
[White "Scooter"]
[Black "mmccaffe"]
[Result "1/2-1/2"]
[WhiteCountry "USA"]
[BlackCountry "USA"]
[WhiteElo "1674"]
[WhiteRD "49"]
[BlackElo "1637"]
[BlackRD "79"]
[GameID "345444"]

1. d4 d5 2. Nf3 Nf6 3. Bf4 e6 4. e3 Be7 5. h3 O-O 6. Be2 Nbd7 7. O-O b6 8. Nbd2 Bb7 9. c4 c5 10. cxd5 exd5
11. Rc1 Rc8 12. dxc5 Nxc5 13. b4 Nce4 14. Nxe4 Nxe4 15. a3 Nc3 16. Qd2 Nxe2+ 17. Qxe2 Rxc1 18. Rxc1 Bf6 19. Rc7 Bc8 20. Rxa7 d4
21. exd4 Bxd4 22. Nxd4 Qxd4 23. Be3 Qa1+ 24. Kh2 Qe5+ 25. Kg1 Qa1+ 26. Qf1 Qxf1+ 27. Kxf1 b5 28. Ra8 Be6 29. Rxf8+ Kxf8= 30. h4 Bb3
31. Ke2 g6 32. Kd3 Ke7 33. Ke4 Ke6 34. Kd4 Ba4 35. g4 f5 36. g5 Bb3 37. Kc5 Ba4 38. Bd4 Kf7 39. Kd6 Bb3 40. f4 Ba4
41. Kc6 Ke6 42. Be5 Kf7 43. Kd6=
1/2-1/2

[Event "anyone for tennis (I mean chess of course)"]
[Site "SchemingMind.com"]
[Date "2014.01.14"]
[Round "-"]
[White "Scooter"]
[Black "emvarela"]
[Result "1-0"]
[WhiteCountry "USA"]
[BlackCountry "ARG"]
[WhiteElo "1705"]
[WhiteRD "45"]
[BlackElo "1683"]
[BlackRD "48"]
[GameID "345445"]

1. d4 Nf6 2. Nf3 d5 3. Bf4 e6 4. e3 c5 5. c3 cxd4 6. exd4 Bd6 7. Bb5+ Ke7 8. Bxd6+ Qxd6 9. O-O Bd7 10. Bxd7 Nbxd7
11. Nbd2 h6 12. Re1 g5 13. Qb3 b6 14. Ne5 Ne8 15. Ndf3 Nxe5 16. Nxe5 Rg8 17. Qc2 Ng7 18. Qd3 Nf5 19. Ng4 h5 20. Qxf5 hxg4
21. Qxg4 Raf8 22. Qg3 Qxg3 23. hxg3 f5 24. Re5 Rf6 25. Rae1 Kd6 26. f3 a5 27. Kf2 g4 28. f4 Rh6 29. R1e2 b5 30. b3 Rc8
31. R5e3 Rh1 32. Rxe6+ Kc7 33. R6e5 Kd6 34. Rxf5 Rc1 35. Rg5 R1xc3 36. Rxg4 Rc2 37. Rg6+ Kd7 38. Re6 Rxe2+ 39. Rxe2 Kd6 40. f5
1-0

[Event "anyone for tennis (I mean chess of course)"]
[Site "SchemingMind.com"]
[Date "2014.01.13"]
[Round "-"]
[White "Scooter"]
[Black "Phillip Beckett"]
[Result "1-0"]
[WhiteCountry "USA"]
[BlackCountry "ENG"]
[WhiteElo "1674"]
[WhiteRD "49"]
[BlackElo "1562"]
[BlackRD "50"]
[GameID "345446"]

1. d4 d5 2. Nf3 Nf6 3. Bf4 e6 4. e3 c5 5. Bb5+ Bd7 6. Bxd7+ Nbxd7 7. c3 Be7 8. O-O O-O 9. h3 Rc8 10. Nbd2 cxd4
11. cxd4 Nb6 12. Rc1 Bd6 13. Rxc8 Nxc8 14. Bxd6 Nxd6 15. b3 Qc7 16. Qc1 Rc8 17. Qxc7 Rxc7 18. a4 Nde4 19. Nxe4 Nxe4 20. Rb1 Rc2
21. Rf1 Rb2 22. Rc1 h6 23. Ne5 Rxb3 24. Rc8+ Kh7 25. Nxf7 Rb1+ 26. Kh2 Ra1 27. Rh8+ Kg6 28. Ne5+ Kf6 29. Rf8+ Ke7 30. Rf7+ Kd8
31. Rxb7 Rxa4 32. f3 Nd2 33. Rxg7 Ra2 34. Nc6+ Kc8 35. Nxa7+ Kb8 36. Nc6+ Kc8 37. Ne5 Kd8 38. Rh7
1-0

[Event "anyone for tennis (I mean chess of course)"]
[Site "SchemingMind.com"]
[Date "2014.01.13"]
[Round "-"]
[White "Scooter"]
[Black "kenneth m day"]
[Result "1-0"]
[WhiteCountry "USA"]
[BlackCountry "USA"]
[WhiteElo "1705"]
[WhiteRD "45"]
[BlackElo "1756"]
[BlackRD "49"]
[GameID "345447"]

1. d4 Nf6 2. Nf3 d6 3. Bf4 Bf5 4. h3 h6 5. e3 Nbd7 6. Be2 e5 7. dxe5 dxe5 8. Bxe5 Nxe5 9. Qxd8+ Rxd8 10. Nxe5 Bxc2
11. O-O Bd6 12. Nc4 Be7 13. Nc3 O-O 14. Rac1 Bh7 15. Na5 b6 16. Nc6 Rd7 17. Bb5 Bd6 18. Nxa7 Re7 19. Nc6 Re6 20. Nd4 Re5
21. Nf3 Rc5 22. b4 Rf5 23. Bd3 Rxf3 24. Bxh7+ Nxh7 25. gxf3 Ng5 26. Kg2 Re8 27. Rcd1 Bxb4 28. Nd5 Bd6 29. Nxb6 Bc5 30. Na4 Bd6
31. Nc3 Ra8 32. f4 Ne6 33. Nb5 Rxa2 34. Nxd6 cxd6 35. Rxd6 g5 36. fxg5 hxg5 37. Kf3 Ra3 38. Rg1 Ra5 39. h4 Kf8 40. Rxe6 fxe6
41. Rxg5 Ra7 42. Kf4 Rf7+ 43. Kg3 Ke7 44. h5 Rh7 45. Kg4 Kf6 46. Rg6+ Kf7 47. Kg5
1-0

[Event "anyone for tennis (I mean chess of course)"]
[Site "SchemingMind.com"]
[Date "2014.01.13"]
[Round "-"]
[White "Scooter"]
[Black "Simon Green"]
[Result "1/2-1/2"]
[WhiteCountry "USA"]
[BlackCountry "ENG"]
[WhiteElo "1674"]
[WhiteRD "49"]
[BlackElo "1587"]
[BlackRD "53"]
[GameID "345448"]

1. d4 e6 2. Bf4 d5 3. Nf3 Nf6 4. h3 c5 5. e3 c4 6. c3 Nc6 7. Be2 Be7 8. O-O O-O 9. Nbd2 b5 10. Ne5 Nxe5
11. Bxe5 Nd7 12. Nf3 Nxe5 13. Nxe5 f6 14. Nc6 Qc7 15. Nxe7+ Qxe7 16. Qc2 f5 17. b3 Bd7 18. Bf3 Bc6 19. bxc4 bxc4 20. Rfb1 Rab8
21. Rxb8 Rxb8 22. Rb1 Rxb1+ 23. Qxb1 Qb7 24. Qxb7 Bxb7 25. Bd1 Bc6 26. f4=
1/2-1/2

[Event "anyone for tennis (I mean chess of course)"]
[Site "SchemingMind.com"]
[Date "2014.01.13"]
[Round "-"]
[White "Scooter"]
[Black "Sahajaxx"]
[Result "0-1"]
[WhiteCountry "USA"]
[BlackCountry "ENG"]
[WhiteElo "1674"]
[WhiteRD "49"]
[BlackElo "1989"]
[BlackRD "92"]
[GameID "345449"]

1. d4 d5 2. Nf3 c6 3. Bf4 Nf6 4. h3 e6 5. e3 Bd6 6. Bxd6 Qxd6 7. c3 O-O 8. Be2 b6 9. O-O Ba6 10. Bxa6 Nxa6
11. Qe2 Nc7 12. Nbd2 b5 13. e4 dxe4 14. Nxe4 Nxe4 15. Qxe4 Qd5 16. Rfe1 Qxe4 17. Rxe4 Rfc8 18. Rae1 Nd5 19. Ne5 Nf6 20. R4e2 h6
21. Nd3 a5 22. Nc5 Nd5 23. Rc1 Nf4 24. Re3 Nd5 25. Re5 b4 26. c4 Nf6 27. b3 Rd8 28. Nb7 Rxd4 29. Nxa5 Rd2 30. Nxc6 Raxa2
31. Rf1 Ra3 32. Nxb4 Rxb3 33. Nc6 Nd7 34. Na5 Rbb2 35. Re3 Ra2 36. Nb3 Rdc2 37. Nd4 Rxc4
0-1

[Event "anyone for tennis (I mean chess of course)"]
[Site "SchemingMind.com"]
[Date "2014.01.13"]
[Round "-"]
[White "mmccaffe"]
[Black "Scooter"]
[Result "1-0"]
[WhiteCountry "USA"]
[BlackCountry "USA"]
[WhiteElo "1637"]
[WhiteRD "79"]
[BlackElo "1674"]
[BlackRD "49"]
[GameID "345450"]

1. e4 c6 2. d3 d5 3. Nc3 dxe4 4. Nxe4 Bf5 5. Nc3 e6 6. g3 Bb4 7. Bg2 Nf6 8. Ne2 O-O 9. O-O Nbd7 10. a3 Bxc3
11. Nxc3 h6 12. Re1 Nd5 13. Nxd5 exd5 14. Bf4 Re8 15. Rxe8+ Qxe8 16. Qd2 Nf6 17. Re1 Qd7 18. Be5 Re8 19. Bxf6 Rxe1+ 20. Qxe1 gxf6
21. Qe3 Kg7 22. Qxa7 Qe7 23. Qe3 Qd6 24. c3 b5 25. d4 Kg6 26. Bf3 Bh3 27. Bg2 Bxg2 28. Kxg2 Qe6 29. Qxe6 fxe6 30. Kf3 h5
31. b3 Kf7 32. Kf4 Ke8 33. h3 Ke7 34. g4 h4 35. g5 fxg5+ 36. Kxg5
1-0

[Event "anyone for tennis (I mean chess of course)"]
[Site "SchemingMind.com"]
[Date "2014.01.15"]
[Round "-"]
[White "emvarela"]
[Black "Scooter"]
[Result "1/2-1/2"]
[WhiteCountry "ARG"]
[BlackCountry "USA"]
[WhiteElo "1683"]
[WhiteRD "48"]
[BlackElo "1705"]
[BlackRD "45"]
[GameID "345451"]

1. c4 e5 2. Nc3 Bc5 3. d3 d6 4. Nf3 Nf6 5. Bg5 Bg4 6. e3 Nbd7 7. Be2 O-O 8. Nd2 Bxe2 9. Qxe2 h6 10. Bxf6 Nxf6
11. a3 d5 12. cxd5 Nxd5 13. Nxd5 Qxd5 14. Ne4 f5 15. Nxc5 Qxc5 16. O-O Qb5 17. Qc2 Rac8 18. Qc4+ Qxc4 19. dxc4 Rcd8 20. Rad1 Kf7
21. b4 Ke7 22. f4 e4 23. Kf2 Rxd1 24. Rxd1 Rd8=
1/2-1/2

[Event "anyone for tennis (I mean chess of course)"]
[Site "SchemingMind.com"]
[Date "2014.01.13"]
[Round "-"]
[White "Phillip Beckett"]
[Black "Scooter"]
[Result "0-1"]
[WhiteCountry "ENG"]
[BlackCountry "USA"]
[WhiteElo "1543"]
[WhiteRD "52"]
[BlackElo "1705"]
[BlackRD "45"]
[GameID "345452"]

1. e4 c6 2. d4 d5 3. Nc3 dxe4 4. Nxe4 Bf5 5. Ng3 Bg6 6. Nf3 Qc7 7. Bd3 Bxd3 8. Qxd3 Nd7 9. O-O O-O-O 10. c3 e6
11. b4 h6 12. Ne2 Ngf6 13. a4 Ng4 14. Bf4 Bd6 15. Bxd6 Qxd6 16. h3 Nge5 17. Nxe5 Nxe5 18. Qc2 Ng6 19. b5 c5 20. dxc5 Qxc5
21. Qe4 Qd5 22. Qxd5 Rxd5 23. Rfd1 Rhd8 24. Rxd5 Rxd5 25. Kf1 Ne7 26. c4 Rc5 27. Rc1 b6 28. Nd4 e5 29. Nb3 Rc7 30. c5 bxc5
31. Rxc5 Rxc5 32. Nxc5 Nd5 33. Nd3 f6 34. Ke2 Nc3+ 35. Ke3 Nxa4 36. f4 exf4+ 37. Nxf4 Nc3 38. Nh5 Nxb5 39. Nxg7 a5 40. Nf5 a4
41. Kd2 Kd7 42. Nxh6 a3 43. Kc2 Ke6 44. Ng4 Kf5 45. Kb3 Kg5 46. Ne3 f5 47. Nc4 Kh4 48. Ne3 f4 49. Nd5 Kg5 50. Nc3 Nxc3
51. Kxc3 Kh4 52. Kb3 Kg3 53. Kxa3 Kxg2 54. h4 f3 55. h5 f2
0-1

[Event "anyone for tennis (I mean chess of course)"]
[Site "SchemingMind.com"]
[Date "2014.01.13"]
[Round "-"]
[White "Simon Green"]
[Black "Scooter"]
[Result "1-0"]
[WhiteCountry "ENG"]
[BlackCountry "USA"]
[WhiteElo "1587"]
[WhiteRD "53"]
[BlackElo "1674"]
[BlackRD "49"]
[GameID "345454"]

1. d4 Nf6 2. e3 g6 3. Bd3 Bg7 4. f4 O-O 5. Nf3 d5 6. O-O Bg4 7. Nbd2 Nbd7 8. Qe1 Bxf3 9. Nxf3 e6 10. Ne5 c5
11. c3 cxd4 12. exd4 Nxe5 13. fxe5 a6 14. exf6 Bxf6 15. Bh6 Bg7 16. Bxg7 Kxg7 17. Qe5+ Kg8 18. Rf6 b5 19. Raf1 Ra7 20. h4 Qc7
21. Qxc7 Rxc7 22. a3 Rfc8 23. g4 Kf8 24. h5 Kg8 25. hxg6 hxg6 26. g5 Kg7 27. Kg2 Rh8 28. Rh1 Rxh1 29. Kxh1 Rc8 30. Kg2 Rh8
31. Rf3 Rh5 32. Rg3 Kf8 33. Kf3 Rh2 34. Rg2 Rh1 35. Kf4 Rd1 36. Rg3 Rd2 37. Ke5 Rxb2 38. Rh3 Rb3 39. Kf6 Ke8 40. Rh8+ Kd7
41. Kxf7
1-0

[Event "anyone for tennis (I mean chess of course)"]
[Site "SchemingMind.com"]
[Date "2014.01.13"]
[Round "-"]
[White "Sahajaxx"]
[Black "Scooter"]
[Result "1-0"]
[WhiteCountry "ENG"]
[BlackCountry "USA"]
[WhiteElo "1989"]
[WhiteRD "92"]
[BlackElo "1674"]
[BlackRD "49"]
[GameID "345455"]

1. d4 Nf6 2. c4 g6 3. Nc3 Bg7 4. Nf3 O-O 5. e4 d6 6. Be2 Bg4 7. O-O Nbd7 8. Ng5 Bxe2 9. Qxe2 e5 10. d5 a6
11. a4 c5 12. a5 b6 13. axb6 Nxb6 14. Na4 Nh5 15. Nxb6 Qxb6 16. Qc2 Nf6 17. Bd2 h6 18. Ba5 Qb7 19. Nf3 Rab8 20. Rfb1 Qb3
21. Qe2 Rfe8 22. Bc7
1-0

[Event "anyone for tennis (I mean chess of course)"]
[Site "SchemingMind.com"]
[Date "2014.01.18"]
[Round "-"]
[White "MarketTheHay"]
[Black "mmccaffe"]
[Result "1-0"]
[WhiteCountry "ENG"]
[BlackCountry "USA"]
[WhiteElo "1983"]
[WhiteRD "110"]
[BlackElo "1637"]
[BlackRD "79"]
[GameID "345819"]

1. e4 e5 2. Nf3 Nc6 3. d4 exd4 4. Nxd4 Bc5 5. Be3 Nxd4 6. Bxd4 Bxd4 7. Qxd4 Qf6 8. c3 Qxd4 9. cxd4 d6 10. Nc3 a6
11. Nd5 Kd7 12. Rc1 Rb8 13. Rxc7+ Ke6 14. Bc4 Nf6 15. Re7#
1-0

[Event "anyone for tennis (I mean chess of course)"]
[Site "SchemingMind.com"]
[Date "2014.01.19"]
[Round "-"]
[White "MarketTheHay"]
[Black "emvarela"]
[Result "1-0"]
[WhiteCountry "ENG"]
[BlackCountry "ARG"]
[WhiteElo "2052"]
[WhiteRD "100"]
[BlackElo "1683"]
[BlackRD "48"]
[GameID "345820"]

1. e4 e5 2. Nf3 Nc6 3. d4 exd4 4. Nxd4 Nxd4 5. Qxd4 Qf6 6. Be3 Qxd4 7. Bxd4 f6 8. Nc3 Bb4 9. a3 Bxc3+ 10. Bxc3 d6
11. O-O-O Be6 12. Be2 O-O-O 13. Bf3 Ne7 14. Rhe1 Nc6 15. g3 Ne5 16. Bg2 Rd7 17. h3 c6 18. b3 Rhd8 19. f4 Ng4 20. hxg4 Bxg4
21. Rd3 f5 22. e5 dxe5 23. Rxd7 Rxd7 24. fxe5 b6 25. e6 Re7 26. Bxc6 g6 27. Bd7+ Kd8 28. Bf6
1-0

[Event "anyone for tennis (I mean chess of course)"]
[Site "SchemingMind.com"]
[Date "2014.01.18"]
[Round "-"]
[White "MarketTheHay"]
[Black "Phillip Beckett"]
[Result "1-0"]
[WhiteCountry "ENG"]
[BlackCountry "ENG"]
[WhiteElo "1983"]
[WhiteRD "110"]
[BlackElo "1562"]
[BlackRD "50"]
[GameID "345821"]

1. e4 e5 2. Nf3 Nc6 3. d4 exd4 4. Nxd4 Bc5 5. Be3 Qf6 6. c3 Nge7 7. Bc4 Nxd4 8. cxd4 Bb4+ 9. Nc3 Bxc3+ 10. bxc3 d6
11. Rb1 O-O 12. O-O Nc6 13. Qd2 Qg6 14. Bd3 Bh3 15. f4 Bd7 16. Rxb7 f5 17. e5 dxe5 18. dxe5 Rac8 19. Bxa7 Nxa7 20. Rxa7 Bc6
21. Bc4+ Kh8 22. Bd5 Bxd5 23. Qxd5 c6 24. Qd6 Qg4 25. Rc7 Rfd8 26. Rxc8 Rxc8 27. e6 Qg6 28. Rd1 h6 29. e7 Qg4 30. Qd7 Ra8
31. e8=Q+ Rxe8 32. Qxe8+ Kh7 33. Rf1
1-0

[Event "anyone for tennis (I mean chess of course)"]
[Site "SchemingMind.com"]
[Date "2014.01.18"]
[Round "-"]
[White "MarketTheHay"]
[Black "Scooter"]
[Result "1-0"]
[WhiteCountry "ENG"]
[BlackCountry "USA"]
[WhiteElo "1983"]
[WhiteRD "110"]
[BlackElo "1674"]
[BlackRD "49"]
[GameID "345822"]

1. e4 c6 2. d4 d5 3. exd5 cxd5 4. c4 Nf6 5. Nc3 e6 6. Nf3 a6 7. Bg5 Be7 8. Rc1 dxc4 9. Bxc4 b5 10. Bd3 O-O
11. O-O Bb7 12. Ne5 Nbd7 13. Re1 h6 14. Be3 Nd5 15. Nxd7 Qxd7 16. Bb1 Bb4 17. Qd3 Nf6 18. f3 Bxc3 19. bxc3 e5 20. dxe5 Qxd3
21. Bxd3 Nd7 22. f4 Rfd8 23. Bd4 Nc5 24. Bf5 Ne6 25. Be4 Bxe4 26. Rxe4 Nxd4 27. Rxd4 Kf8 28. Kf2 Ke7 29. Ke3 Ke6 30. Ke4 g6
31. g4 Rac8 32. f5+ gxf5+ 33. gxf5+ Ke7 34. f6+ Ke6 35. Rcd1 Rxd4+ 36. Rxd4 Rc6 37. a4 bxa4 38. Rxa4 Rxc3 39. Rxa6+ Kd7 40. Ra7+ Ke6
41. Re7#
1-0

[Event "anyone for tennis (I mean chess of course)"]
[Site "SchemingMind.com"]
[Date "2014.01.18"]
[Round "-"]
[White "MarketTheHay"]
[Black "kenneth m day"]
[Result "1-0"]
[WhiteCountry "ENG"]
[BlackCountry "USA"]
[WhiteElo "2052"]
[WhiteRD "100"]
[BlackElo "1756"]
[BlackRD "49"]
[GameID "345823"]

1. e4 e5 2. Nf3 Nc6 3. d4 exd4 4. Nxd4 Bc5 5. Be3 Qf6 6. c3 Nge7 7. Bc4 Ne5 8. Be2 O-O 9. O-O d5 10. Nd2 Bd7
11. f4 N5c6 12. e5 Qh4 13. N2f3 Qg4 14. Kh1 Nxd4 15. Nxd4 Qg6 16. f5 Qb6 17. f6 Ng6 18. fxg7 Kxg7 19. Bg5 Nxe5 20. Bf6+ Kg8
21. Bxe5 Qh6 22. Bg4 Be8 23. Rf6 Qg5 24. Nf5 Be7 25. Nxe7+
1-0

[Event "anyone for tennis (I mean chess of course)"]
[Site "SchemingMind.com"]
[Date "2014.01.18"]
[Round "-"]
[White "MarketTheHay"]
[Black "Simon Green"]
[Result "1-0"]
[WhiteCountry "ENG"]
[BlackCountry "ENG"]
[WhiteElo "1983"]
[WhiteRD "110"]
[BlackElo "1587"]
[BlackRD "53"]
[GameID "345824"]

1. e4 e6 2. d4 d5 3. e5 c5 4. c3 c4 5. Nf3 Nc6 6. Be2 Bd7 7. Nbd2 b5 8. a3 Qc7 9. O-O O-O-O 10. b3 Nge7
11. bxc4 bxc4 12. Rb1 a5 13. Ng5 Be8 14. Nxc4 dxc4 15. Bxc4 Nd5 16. Ba6+ Kd7 17. Rb7
1-0

[Event "anyone for tennis (I mean chess of course)"]
[Site "SchemingMind.com"]
[Date "2014.01.18"]
[Round "-"]
[White "MarketTheHay"]
[Black "Sahajaxx"]
[Result "0-1"]
[WhiteCountry "ENG"]
[BlackCountry "ENG"]
[WhiteElo "1983"]
[WhiteRD "110"]
[BlackElo "1989"]
[BlackRD "92"]
[GameID "345825"]

1. e4 g6 2. d4 Bg7 3. Bc4 e6 4. Nf3 c6 5. O-O b5 6. Bb3 a5 7. a3 d6 8. Re1 Bd7 9. Bf4 Bc8 10. c3 Ne7
11. Nbd2 O-O 12. Nf1 a4 13. Ba2 Qc7 14. Qd2 f6 15. Rad1 Kh8 16. h3 Ng8 17. e5 fxe5 18. dxe5 d5 19. Bb1 c5 20. Nh4 Nd7
21. Bxg6 Bxe5 22. Rxe5 Rxf4 23. Qxf4 Qxe5 24. Qf7 Qg7 25. Qxe6 Ndf6 26. Qc6 Bb7 27. Qxb5 hxg6 28. Nxg6+ Qxg6 29. Qxb7 Qe8 30. Ne3 Rb8
31. Qc7 Rxb2 32. Qxc5 Rxf2 33. Qd4 Re2 34. Qh4+ Nh5 35. Nxd5 Rxg2+ 36. Kh1 Rg3 37. Rf1 Qe2 38. Qd4+ Ngf6
0-1

[Event "anyone for tennis (I mean chess of course)"]
[Site "SchemingMind.com"]
[Date "2014.01.18"]
[Round "-"]
[White "mmccaffe"]
[Black "MarketTheHay"]
[Result "0-1"]
[WhiteCountry "USA"]
[BlackCountry "ENG"]
[WhiteElo "1637"]
[WhiteRD "79"]
[BlackElo "1983"]
[BlackRD "110"]
[GameID "345826"]

1. e4 c6 2. Nc3 d5 3. Nf3 Bg4 4. h3 Bh5 5. g4 Bg6 6. exd5 cxd5 7. d4 e6 8. Bd3 Nc6 9. Bxg6 hxg6 10. Bf4 Bd6
11. Bxd6 Qxd6 12. Qd2 Nf6 13. O-O-O Rc8 14. Kb1 Nb4 15. a3 Nc6 16. Nb5 Qb8 17. Nc3 b5 18. g5 Nd7 19. Na2 a5 20. Nc1 Nb6
21. b3 Qd6 22. Kb2 a4 23. Nd3 Na5 24. Nc5 Nac4+
0-1

[Event "anyone for tennis (I mean chess of course)"]
[Site "SchemingMind.com"]
[Date "2014.01.19"]
[Round "-"]
[White "emvarela"]
[Black "MarketTheHay"]
[Result "0-1"]
[WhiteCountry "ARG"]
[BlackCountry "ENG"]
[WhiteElo "1683"]
[WhiteRD "48"]
[BlackElo "2052"]
[BlackRD "100"]
[GameID "345827"]

1. e4 c6 2. d4 d5 3. Nc3 dxe4 4. Nxe4 Nf6 5. Nxf6+ gxf6 6. Nf3 Bg4 7. Be3 e6 8. Be2 Nd7 9. h3 Bxf3 10. Bxf3 f5
11. Qd3 Nf6 12. Bg5 Be7 13. Bxf6 Bxf6 14. O-O-O Qa5 15. a3 O-O-O 16. c3 h5 17. Qc4 Qc7 18. g4 Qf4+
0-1

[Event "anyone for tennis (I mean chess of course)"]
[Site "SchemingMind.com"]
[Date "2014.01.18"]
[Round "-"]
[White "Scooter"]
[Black "MarketTheHay"]
[Result "0-1"]
[WhiteCountry "USA"]
[BlackCountry "ENG"]
[WhiteElo "1674"]
[WhiteRD "49"]
[BlackElo "1983"]
[BlackRD "110"]
[GameID "345829"]

1. d4 c5 2. e4 cxd4 3. Qxd4 Nc6 4. Qd1 d6 5. Bb5 Bd7 6. Nf3 Nf6 7. Nc3 g6 8. Bg5 Bg7 9. Bxf6 Bxf6 10. O-O O-O
11. Rb1 Rc8 12. Nd5 Bg7 13. h3 h6 14. a3 g5 15. Nh2 Be6 16. Bxc6 bxc6 17. Ne3 Rb8 18. c3 Qa5 19. Qc2 Rb3 20. Nf5 Bxf5
21. Qxb3 Bxe4 22. Qb4 Qxb4 23. axb4 Bxb1 24. Rxb1 Rb8 25. Ra1 Rb7 26. Ra6 c5 27. bxc5 dxc5 28. Ng4 e6 29. Ne3 Rxb2 30. Rxa7 Bxc3
31. Rc7 Rb1+ 32. Nf1 Bd4
0-1

[Event "anyone for tennis (I mean chess of course)"]
[Site "SchemingMind.com"]
[Date "2014.01.18"]
[Round "-"]
[White "kenneth m day"]
[Black "MarketTheHay"]
[Result "0-1"]
[WhiteCountry "USA"]
[BlackCountry "ENG"]
[WhiteElo "1756"]
[WhiteRD "49"]
[BlackElo "2052"]
[BlackRD "100"]
[GameID "345830"]

1. e4 c6 2. c4 d5 3. cxd5 cxd5 4. exd5 Nf6 5. Nc3 Nxd5 6. d4 Bf5 7. Bc4 e6 8. Nf3 Be7 9. Qa4+ Kf8 10. O-O Nb6
11. Qb3 Nxc4 12. Qxc4 Nd7 13. Re1 Nb6 14. Qe2 Bf6 15. Be3 Rc8 16. Red1 Nd5 17. Rac1 Nxc3 18. bxc3 Qa5 19. Qb2 b6 20. Bd2 Bg4
21. c4 Qh5 22. h3 Bxf3 23. gxf3 Qxh3 24. Bb4+ Kg8 25. Rd3 Qf5 26. Qe2 h5 27. Bd6 Qg5+ 28. Bg3 Qxc1+ 29. Rd1 Qxc4
0-1

[Event "anyone for tennis (I mean chess of course)"]
[Site "SchemingMind.com"]
[Date "2014.01.18"]
[Round "-"]
[White "Simon Green"]
[Black "MarketTheHay"]
[Result "0-1"]
[WhiteCountry "ENG"]
[BlackCountry "ENG"]
[WhiteElo "1587"]
[WhiteRD "53"]
[BlackElo "1983"]
[BlackRD "110"]
[GameID "345831"]

1. d4 c5 2. c3 cxd4 3. cxd4 d5 4. e3 Nf6 5. Bd3 Nc6 6. f4 Bg4 7. Nf3 e6 8. O-O Bd6 9. Nbd2 Rc8 10. Qe1 Nd7
11. a3 Bh5 12. Qg3 Bg6 13. Bxg6 hxg6 14. Ne5 Qh4 15. Qxh4 Rxh4 16. Ndf3 Rh8 17. Bd2 f6 18. Nxg6 Rh6 19. Nfh4 Kf7 20. f5 e5
21. e4 Rxh4 22. Nxh4 Nxd4 23. exd5 Bc5 24. Kh1 Rh8 25. Ng6 Rh7 26. Bb4 Bb6 27. h3 Ne2 28. Kh2 a5 29. Be7 Nc5 30. d6 Ne4
31. b4 N2g3 32. Rfd1 Nxf5 33. bxa5 Bxa5 34. Nf8 Rh6 35. Rd5 Bb6 36. Rb1 Bd4 37. Rxb7 Nf2 38. d7 Ng4+
0-1

[Event "anyone for tennis (I mean chess of course)"]
[Site "SchemingMind.com"]
[Date "2014.01.18"]
[Round "-"]
[White "Sahajaxx"]
[Black "MarketTheHay"]
[Result "1/2-1/2"]
[WhiteCountry "ENG"]
[BlackCountry "ENG"]
[WhiteElo "1989"]
[WhiteRD "92"]
[BlackElo "1983"]
[BlackRD "110"]
[GameID "345832"]

1. Nf3 c5 2. c4 Nc6 3. Nc3 Nd4 4. e3 Nxf3+ 5. Qxf3 g6 6. d4 Bg7 7. d5 d6 8. Bd3 Nf6 9. O-O a6 10. a4 Bg4
11. Qf4 h5 12. h3 Bh6 13. Qg3 Bd7 14. e4 Bg7 15. f4 h4 16. Qf2 Qc7 17. e5 dxe5 18. fxe5 Qxe5 19. Bf4 Qd4 20. Qxd4 cxd4
21. Ne2 Rc8 22. Be5 Nh5 23. Bxg7 Nxg7 24. Nxd4 e6 25. dxe6 Nxe6 26. Rfe1=
1/2-1/2

[Event "anyone for tennis (I mean chess of course)"]
[Site "SchemingMind.com"]
[Date "2014.01.19"]
[Round "-"]
[White "bobbassbone"]
[Black "MarketTheHay"]
[Result "0-1"]
[WhiteCountry "ENG"]
[BlackCountry "ENG"]
[WhiteElo "1643"]
[WhiteRD "70"]
[BlackElo "1983"]
[BlackRD "110"]
[GameID "345951"]

1. d4 c5 2. d5 e6 3. dxe6 fxe6 4. Nf3 Nf6 5. Bf4 d5 6. c3 Be7 7. e3 O-O 8. Bd3 Nc6 9. Nbd2 Qb6 10. Qb3 Nd7
11. Bg3 c4 12. Qxb6 axb6 13. a3 cxd3 14. O-O-O Nc5 15. Ne5 Bf6 16. Ndf3 Nxe5 17. Bxe5 Bd7 18. Bd6 Ba4 19. Bxc5 Bxd1 20. Bxf8 Bxf3
21. Bxg7 Bxg2 22. Rg1 Kxg7 23. Rxg2+ Kf7 24. Kd2 Rg8 25. Rg3 Rxg3 26. fxg3 e5 27. Kxd3 b5 28. h3 e4+ 29. Kd2 Be5 30. g4 Kg6
0-1

[Event "anyone for tennis (I mean chess of course)"]
[Site "SchemingMind.com"]
[Date "2014.01.19"]
[Round "-"]
[White "bobbassbone"]
[Black "mmccaffe"]
[Result "1/2-1/2"]
[WhiteCountry "ENG"]
[BlackCountry "USA"]
[WhiteElo "1643"]
[WhiteRD "70"]
[BlackElo "1637"]
[BlackRD "79"]
[GameID "345952"]

1. d4 d5 2. Bf4 e6 3. e3 Nf6 4. c3 Nbd7 5. Nd2 c5 6. Ngf3 Be7 7. Bd3 O-O 8. O-O c4 9. Bc2 b5 10. a3 a5
11. Ne5 Nxe5 12. Bxe5 Bb7 13. Nf3 b4 14. axb4 axb4 15. Ng5 h6 16. Bxf6 Bxf6 17. Rxa8 Qxa8 18. Nf3 bxc3 19. bxc3 Qa5 20. Qa1 Ra8
21. Qxa5 Rxa5 22. Rc1 Be7 23. Kf1 Ra3 24. Bd1 Bc6 25. Ke1 Ba4 26. Bxa4 Rxa4 27. Rb1 Ra3 28. Kd2 Ra2+ 29. Ke1 Ra3 30. Rc1=
1/2-1/2

[Event "anyone for tennis (I mean chess of course)"]
[Site "SchemingMind.com"]
[Date "2014.01.19"]
[Round "-"]
[White "bobbassbone"]
[Black "emvarela"]
[Result "1-0"]
[WhiteCountry "ENG"]
[BlackCountry "ARG"]
[WhiteElo "1654"]
[WhiteRD "64"]
[BlackElo "1683"]
[BlackRD "48"]
[GameID "345953"]

1. d4 Nf6 2. Bf4 e6 3. e3 d5 4. c3 Bd6 5. Bg3 Bxg3 6. hxg3 Qd6 7. Nf3 c5 8. Nbd2 cxd4 9. exd4 Nc6 10. Qc2 h6
11. Bb5 Bd7 12. O-O O-O 13. Kh2 Ng4+ 14. Kg1 e5 15. Bxc6 bxc6 16. dxe5 Nxe5 17. Nxe5 Rfe8 18. Nxd7 Qxd7 19. Rae1 Re6 20. Rxe6 Qxe6
21. Nf3 Re8 22. Re1 Qd7 23. Rxe8+ Qxe8 24. Qd2 Qe4 25. Qe1 f5 26. Qxe4 fxe4 27. Ne5 c5 28. b3 d4 29. cxd4 cxd4 30. Kf1 g5
31. Nc6 d3 32. Nxa7 Kf7 33. Nb5 Ke6 34. Nc3 Ke5 35. Ke1
1-0